书目信息 |
| 题名: |
电动汽车跑起来
|
|
| 作者: | 王文伟 , 张丽莉 主编 | |
| 分册: | ||
| 出版信息: | 北京 机械工业出版社 2015.3 |
|
| 页数: | 112页 | |
| 开本: | 24cm | |
| 丛书名: | ||
| 单 册: | ||
| 中图分类: | U469.72 | |
| 科图分类: | ||
| 主题词: | 电动汽车--研究 | |
| 电子资源: | ||
| ISBN: | 978-7-111-49044-9 | |
| 000 | 00975nam0 2200289 45 | |
| 001 | 012001000839 | |
| 005 | 20140912084306.0 | |
| 010 | @a978-7-111-49044-9@dCNY29.00 | |
| 100 | @a20150409d2015 em y0chiy50 ea | |
| 101 | 0 | @achi |
| 102 | @aCN@b110000 | |
| 105 | @aa z 000yy | |
| 106 | @ar | |
| 200 | 1 | @a电动汽车跑起来@Adian dong qi che pao qi lai@b专著@f王文伟,张丽莉主编 |
| 210 | @a北京@c机械工业出版社@d2015.3 | |
| 215 | @a112页@c彩图@d24cm | |
| 300 | @a北京市科学技术委员会科普专项资助 | |
| 300 | @a并列题名:Running EV | |
| 312 | @a封面英文题名:Running EV | |
| 330 | @a本书介绍了电动汽车的结构原理、使用方法、相关政策、推广情况以及展望等知识。全书用简单易懂的文字和漫画图对电动汽车的现状进行了描述。 | |
| 510 | 1 | @aRunning EV@zeng |
| 606 | 0 | @a电动汽车@x研究 |
| 690 | @aU469.72@v5 | |
| 701 | 0 | @a王文伟@Awang wen wei@c(汽车)@4主编 |
| 701 | 0 | @a张丽莉@Azhang li li@4主编 |
| 801 | 0 | @aCN@bBJSDL@c20211011 |
| 905 | @b1332257-60@dU469.72@e1017@f4 | |
| 电动汽车跑起来/王文伟,张丽莉主编.-北京:机械工业出版社,2015.3 |
| 112页:彩图;24cm |
| 北京市科学技术委员会科普专项资助.-并列题名:Running EV |
| ISBN 978-7-111-49044-9:CNY29.00 |
| 本书介绍了电动汽车的结构原理、使用方法、相关政策、推广情况以及展望等知识。全书用简单易懂的文字和漫画图对电动汽车的现状进行了描述。 |
| ● |
| 相关链接 |
|
|
|
|
正题名:电动汽车跑起来
索取号:U469.72/1017
 
预约/预借
| 序号 | 登录号 | 条形码 | 馆藏地/架位号 | 状态 | 备注 |
| 1 | 1332257 | 213322572 | 第二样本阅览室/ [索取号:U469.72/1017] | 在馆 | |
| 2 | 1332258 | 213322581 | 第三借阅区/ [索取号:U469.72/1017] | 在馆 | |
| 3 | 1332259 | 213322590 | 第三借阅区/ [索取号:U469.72/1017] | 在馆 | |
| 4 | 1332260 | 213322607 | 第三借阅区/ [索取号:U469.72/1017] | 在馆 |